{"text_format":"3","workbook":"xlsx","n_sheets":1,"sheets":["t483"],"read":"whole","date_system":"1900"}

{"sheet":"t483","index":0,"n_rows":173,"n_cols":7,"rows_kept":173,"merged":[[0,0,0,6],[28,0,28,5],[43,0,43,5],[155,0,155,5]]}
["TABELA 483.1 - Estatísticas Agrícolas, Município de Rincão, Estado de São Paulo, 2016/17."]
["ITEM","UNIDADE","N.DE UPAs","MÍNIMO","MÉDIO","MÁXIMO","TOTAL"]
["Distância à sede do município","km",208,0.1,{"v":9.11,"d":"9.1"},{"v":30,"d":"30.0"},"-"]
["Área total","hectare",208,1.2,{"v":150.68,"d":"150.7"},{"v":2755,"d":"2,755.0"},{"v":31342.1,"d":"31,342.1"}]
["Área com cultura perene","hectare",9,3.2,{"v":278.74,"d":"278.7"},{"v":1183.1,"d":"1,183.1"},{"v":2508.7,"d":"2,508.7"}]
["Área com cultura temporária","hectare",152,0.2,{"v":141.58,"d":"141.6"},{"v":2540,"d":"2,540.0"},{"v":21520,"d":"21,520.0"}]
["Área com pastagem","hectare",86,0.4,{"v":32.46,"d":"32.5"},333.9,{"v":2791.2,"d":"2,791.2"}]
["Área com reflorestamento","hectare",2,{"v":4,"d":"4.0"},{"v":7,"d":"7.0"},{"v":10,"d":"10.0"},{"v":14,"d":"14.0"}]
["Área com vegetação natural","hectare",84,0.3,{"v":34.88,"d":"34.9"},579.1,{"v":2929.6,"d":"2,929.6"}]
["Área com vegetação de brejo e várzea","hectare",5,0.9,{"v":15,"d":"15.0"},48.4,{"v":75,"d":"75.0"}]
["Área em descanso","hectare",29,0.5,{"v":18.77,"d":"18.8"},{"v":150,"d":"150.0"},544.3]
["Área complementar","hectare",157,0.1,{"v":6.11,"d":"6.1"},111.9,959.3]
["Área das UPAs com (0, 1] ha","hectare","-","-","-","-","-"]
["Área das UPAs com (1, 2] ha","hectare",5,1.2,{"v":1.38,"d":"1.4"},1.8,6.9]
["Área das UPAs com (2, 5] ha","hectare",27,2.3,{"v":3.81,"d":"3.8"},4.8,102.8]
["Área das UPAs com (5, 10] ha","hectare",12,{"v":6,"d":"6.0"},{"v":7.61,"d":"7.6"},{"v":10,"d":"10.0"},91.3]
["Área das UPAs com (10, 20] ha","hectare",27,10.1,{"v":14.08,"d":"14.1"},19.3,380.1]
["Área das UPAs com (20, 50] ha","hectare",41,20.1,{"v":33,"d":"33.0"},49.4,{"v":1352.9,"d":"1,352.9"}]
["Área das UPAs com (50, 100] ha","hectare",27,50.8,67.5,96.8,{"v":1822.6,"d":"1,822.6"}]
["Área das UPAs com (100, 200] ha","hectare",23,100.6,{"v":133.08,"d":"133.1"},183.9,{"v":3060.8,"d":"3,060.8"}]
["Área das UPAs com (200, 500] ha","hectare",31,201.6,{"v":330.19,"d":"330.2"},483.9,{"v":10235.8,"d":"10,235.8"}]
["Área das UPAs com (500, 1.000] ha","hectare",12,513.5,{"v":651.94,"d":"651.9"},965.6,{"v":7823.3,"d":"7,823.3"}]
["Área das UPAs com (1.000, 2.000] ha","hectare",1,{"v":1416.6,"d":"1,416.6"},{"v":1416.6,"d":"1,416.6"},{"v":1416.6,"d":"1,416.6"},{"v":1416.6,"d":"1,416.6"}]
["Área das UPAs com (2.000, 5.000] ha","hectare",2,{"v":2294,"d":"2,294.0"},{"v":2524.5,"d":"2,524.5"},{"v":2755,"d":"2,755.0"},{"v":5049,"d":"5,049.0"}]
["Área das UPAs com (5.000, 10.000] ha","hectare","-","-","-","-","-"]
["Área das UPAs acima de 10.000 ha","hectare","-","-","-","-","-"]
["Fonte: Secretaria de Agricultura e Abastecimento, CDRS/IEA, Projeto LUPA."]
[]
["TABELA 483.2 - Explorações Animais, Município de Rincão, Estado de São Paulo, 2016/17."]
["ITEM","UNIDADE","N.DE UPAs","MÍNIMO","MÉDIO","MÁXIMO","TOTAL"]
["Asininos e muares","cabecas",1,{"v":1,"d":"1.0"},{"v":1,"d":"1.0"},{"v":1,"d":"1.0"},{"v":1,"d":"1.0"}]
["Avicultura de corte","cabecas/ano",3,{"v":14000,"d":"14,000.0"},{"v":30666.67,"d":"30,666.7"},{"v":60000,"d":"60,000.0"},{"v":92000,"d":"92,000.0"}]
["Avicultura para ovos","cabecas",1,{"v":124107,"d":"124,107.0"},{"v":124107,"d":"124,107.0"},{"v":124107,"d":"124,107.0"},{"v":124107,"d":"124,107.0"}]
["Bovinocultura de corte","cabecas",10,{"v":4,"d":"4.0"},51.5,{"v":103,"d":"103.0"},{"v":515,"d":"515.0"}]
["Bovinocultura leiteira","cabecas",1,{"v":80,"d":"80.0"},{"v":80,"d":"80.0"},{"v":80,"d":"80.0"},{"v":80,"d":"80.0"}]
["Bovinocultura mista","cabecas",34,{"v":5,"d":"5.0"},{"v":37.56,"d":"37.6"},{"v":262,"d":"262.0"},{"v":1277,"d":"1,277.0"}]
["Bubalinocultura","cabecas",1,{"v":204,"d":"204.0"},{"v":204,"d":"204.0"},{"v":204,"d":"204.0"},{"v":204,"d":"204.0"}]
["Equinocultura","cabecas",19,{"v":1,"d":"1.0"},{"v":3.37,"d":"3.4"},{"v":16,"d":"16.0"},{"v":64,"d":"64.0"}]
["Ovinocultura","cabecas",1,{"v":8,"d":"8.0"},{"v":8,"d":"8.0"},{"v":8,"d":"8.0"},{"v":8,"d":"8.0"}]
["Piscicultura","m2 tanques",1,{"v":13,"d":"13.0"},{"v":13,"d":"13.0"},{"v":13,"d":"13.0"},{"v":13,"d":"13.0"}]
["Suinocultura","cabecas",7,{"v":2,"d":"2.0"},{"v":8,"d":"8.0"},{"v":16,"d":"16.0"},{"v":56,"d":"56.0"}]
["Fonte: Secretaria de Agricultura e Abastecimento, CDRS/IEA, Projeto LUPA."]
[]
["TABELA 483.3 -  Máquinas, Implementos e Benfeitorias, Município de Rincão, Estado de São Paulo, 2016/17."]
["ITEM","UNIDADE","N.DE UPAs","MÍNIMO","MÉDIO","MÁXIMO","TOTAL"]
["Arado comum (bacia, aiveca)","unidade",16,{"v":1,"d":"1.0"},{"v":1.13,"d":"1.1"},{"v":2,"d":"2.0"},{"v":18,"d":"18.0"}]
["Arado escarificador","unidade",27,{"v":1,"d":"1.0"},{"v":1.15,"d":"1.2"},{"v":3,"d":"3.0"},{"v":31,"d":"31.0"}]
["Arado subsolador","unidade",13,{"v":1,"d":"1.0"},{"v":1,"d":"1.0"},{"v":1,"d":"1.0"},{"v":13,"d":"13.0"}]
["Camara fria","unidade",3,{"v":1,"d":"1.0"},{"v":1.33,"d":"1.3"},{"v":2,"d":"2.0"},{"v":4,"d":"4.0"}]
["Carregadeira de cana","unidade",1,{"v":2,"d":"2.0"},{"v":2,"d":"2.0"},{"v":2,"d":"2.0"},{"v":2,"d":"2.0"}]
["Colhedeira acoplada","unidade",2,{"v":1,"d":"1.0"},1.5,{"v":2,"d":"2.0"},{"v":3,"d":"3.0"}]
["Colhedeira automotriz","unidade",4,{"v":1,"d":"1.0"},{"v":3,"d":"3.0"},{"v":8,"d":"8.0"},{"v":12,"d":"12.0"}]
["Conj.irrigacao convencional","unidade",1,{"v":1,"d":"1.0"},{"v":1,"d":"1.0"},{"v":1,"d":"1.0"},{"v":1,"d":"1.0"}]
["Conj.irrigacao pivot central","unidade",1,{"v":1,"d":"1.0"},{"v":1,"d":"1.0"},{"v":1,"d":"1.0"},{"v":1,"d":"1.0"}]
["Conj.irrigacao/gotejamento/microaspersao","unidade",4,{"v":1,"d":"1.0"},{"v":1,"d":"1.0"},{"v":1,"d":"1.0"},{"v":4,"d":"4.0"}]
["Conjunto de fenacao","unidade",4,{"v":1,"d":"1.0"},{"v":1,"d":"1.0"},{"v":1,"d":"1.0"},{"v":4,"d":"4.0"}]
["Desintegrador, picador, triturador","unidade",15,{"v":1,"d":"1.0"},{"v":1.13,"d":"1.1"},{"v":2,"d":"2.0"},{"v":17,"d":"17.0"}]
["Distribuidor de calcario","unidade",7,{"v":1,"d":"1.0"},{"v":1.14,"d":"1.1"},{"v":2,"d":"2.0"},{"v":8,"d":"8.0"}]
["Ensiladeira","unidade",5,{"v":1,"d":"1.0"},{"v":1,"d":"1.0"},{"v":1,"d":"1.0"},{"v":5,"d":"5.0"}]
["Grade aradora (tipo romi)","unidade",17,{"v":1,"d":"1.0"},{"v":1.53,"d":"1.5"},{"v":4,"d":"4.0"},{"v":26,"d":"26.0"}]
["Grade niveladora","unidade",12,{"v":1,"d":"1.0"},1.5,{"v":3,"d":"3.0"},{"v":18,"d":"18.0"}]
["Implementos para tracao animal","unidade",1,{"v":1,"d":"1.0"},{"v":1,"d":"1.0"},{"v":1,"d":"1.0"},{"v":1,"d":"1.0"}]
["Misturador de racao","unidade",4,{"v":1,"d":"1.0"},{"v":1,"d":"1.0"},{"v":1,"d":"1.0"},{"v":4,"d":"4.0"}]
["Mmicrotrator","unidade",5,{"v":1,"d":"1.0"},1.4,{"v":2,"d":"2.0"},{"v":7,"d":"7.0"}]
["Ordenhadeira mecanica","unidade",3,{"v":1,"d":"1.0"},{"v":1,"d":"1.0"},{"v":1,"d":"1.0"},{"v":3,"d":"3.0"}]
["Pulverizador tratorizado","unidade",16,{"v":1,"d":"1.0"},{"v":2.19,"d":"2.2"},{"v":9,"d":"9.0"},{"v":35,"d":"35.0"}]
["Resfriador de leite, tanque expansao","unidade",1,{"v":1,"d":"1.0"},{"v":1,"d":"1.0"},{"v":1,"d":"1.0"},{"v":1,"d":"1.0"}]
["Semeadeira/adubadeira para plantio convencional","unidade",5,{"v":1,"d":"1.0"},{"v":1,"d":"1.0"},{"v":1,"d":"1.0"},{"v":5,"d":"5.0"}]
["Semeadeira/plantadeira plantio direto","unidade",11,{"v":1,"d":"1.0"},{"v":1.73,"d":"1.7"},{"v":5,"d":"5.0"},{"v":19,"d":"19.0"}]
["Terraceador","unidade",7,{"v":1,"d":"1.0"},{"v":1,"d":"1.0"},{"v":1,"d":"1.0"},{"v":7,"d":"7.0"}]
["Trator de esteiras","unidade",1,{"v":2,"d":"2.0"},{"v":2,"d":"2.0"},{"v":2,"d":"2.0"},{"v":2,"d":"2.0"}]
["Trator de pneus ","unidade",1,{"v":1,"d":"1.0"},{"v":1,"d":"1.0"},{"v":1,"d":"1.0"},{"v":1,"d":"1.0"}]
["Trator de pneus  acima de 85 cv","unidade",4,{"v":1,"d":"1.0"},{"v":2,"d":"2.0"},{"v":4,"d":"4.0"},{"v":8,"d":"8.0"}]
["Trator de pneus até 65 cv","unidade",6,{"v":1,"d":"1.0"},{"v":1,"d":"1.0"},{"v":1,"d":"1.0"},{"v":6,"d":"6.0"}]
["Trator de pneus de 66 cv a 85 cv","unidade",44,{"v":1,"d":"1.0"},{"v":2.68,"d":"2.7"},{"v":33,"d":"33.0"},{"v":118,"d":"118.0"}]
["Acude/represa","unidade",28,{"v":1,"d":"1.0"},{"v":1.82,"d":"1.8"},{"v":11,"d":"11.0"},{"v":51,"d":"51.0"}]
["Almoxarifado/oficina","unidade",18,{"v":1,"d":"1.0"},{"v":1.39,"d":"1.4"},{"v":3,"d":"3.0"},{"v":25,"d":"25.0"}]
["Armazem para graos ensacados","sacas",6]
["Balanca para bovinos","unidade",3,{"v":1,"d":"1.0"},{"v":1,"d":"1.0"},{"v":1,"d":"1.0"},{"v":3,"d":"3.0"}]
["Balanca para veiculos","unidade",2,{"v":1,"d":"1.0"},{"v":1,"d":"1.0"},{"v":1,"d":"1.0"},{"v":2,"d":"2.0"}]
["Barracao para granja/avicultura","unidade",9,{"v":1,"d":"1.0"},{"v":3.33,"d":"3.3"},{"v":18,"d":"18.0"},{"v":30,"d":"30.0"}]
["Barracao/galpao/garagem","unidade",72,{"v":1,"d":"1.0"},{"v":1.44,"d":"1.4"},{"v":3,"d":"3.0"},{"v":104,"d":"104.0"}]
["Casa de moradia habitada","unidade",113,{"v":1,"d":"1.0"},{"v":2.84,"d":"2.8"},{"v":27,"d":"27.0"},{"v":321,"d":"321.0"}]
["Casa de moradia total","unidade",133,{"v":1,"d":"1.0"},3.4,{"v":28,"d":"28.0"},{"v":452,"d":"452.0"}]
["Curral/mangueira","unidade",57,{"v":1,"d":"1.0"},{"v":1.14,"d":"1.1"},{"v":3,"d":"3.0"},{"v":65,"d":"65.0"}]
["Deposito/tulha","unidade",14,{"v":1,"d":"1.0"},{"v":1.21,"d":"1.2"},{"v":2,"d":"2.0"},{"v":17,"d":"17.0"}]
["Engenho","unidade",1,{"v":1,"d":"1.0"},{"v":1,"d":"1.0"},{"v":1,"d":"1.0"},{"v":1,"d":"1.0"}]
["Estabulo","unidade",9,{"v":1,"d":"1.0"},{"v":1.11,"d":"1.1"},{"v":2,"d":"2.0"},{"v":10,"d":"10.0"}]
["Estacao/posto meteorologico","unidade",1,{"v":1,"d":"1.0"},{"v":1,"d":"1.0"},{"v":1,"d":"1.0"},{"v":1,"d":"1.0"}]
["Estufa/plasticultura","m2",2]
["Fabrica de racao","unidade",3,{"v":1,"d":"1.0"},{"v":1,"d":"1.0"},{"v":1,"d":"1.0"},{"v":3,"d":"3.0"}]
["Instalacoes para equinos","unidade",5,{"v":1,"d":"1.0"},1.6,{"v":3,"d":"3.0"},{"v":8,"d":"8.0"}]
["Maquina de beneficio","unidade",2,{"v":1,"d":"1.0"},1.5,{"v":2,"d":"2.0"},{"v":3,"d":"3.0"}]
["Olaria","unidade",10,{"v":1,"d":"1.0"},1.1,{"v":2,"d":"2.0"},{"v":11,"d":"11.0"}]
["Pocilga","unidade",51,{"v":1,"d":"1.0"},{"v":2.18,"d":"2.2"},{"v":5,"d":"5.0"},{"v":111,"d":"111.0"}]
["Poco semi-artesiano","unidade",18,{"v":1,"d":"1.0"},{"v":1.17,"d":"1.2"},{"v":3,"d":"3.0"},{"v":21,"d":"21.0"}]
["Secador de graos","unidade",3,{"v":1,"d":"1.0"},{"v":1,"d":"1.0"},{"v":1,"d":"1.0"},{"v":3,"d":"3.0"}]
["Silo para graos","ton",2]
["Silo para silagem","ton",9]
["Terreiro","m2",5]
["Usina de acucar/destilaria","unidade",1,{"v":1,"d":"1.0"},{"v":1,"d":"1.0"},{"v":1,"d":"1.0"},{"v":1,"d":"1.0"}]
["Fonte: Secretaria de Agricultura e Abastecimento, CDRS/IEA, Projeto LUPA."]
[]
["TABELA 483.4 - Outras Estatísticas Agrícolas, Município de Rincão, Estado de São Paulo, 2016/17."]
["ITEM","Número de UPAs",null,"Percentual"]
["Faz Parte de Associação de Produtores",78,null,37.5]
["Faz Parte de Cooperativa de Produtores",88,null,{"v":42.30769230769231,"d":"42.3"}]
["Faz Parte do Sindicato de Produtores",76,null,{"v":36.53846153846153,"d":"36.5"}]
["Não utiliza assistência técnica ",104,null,{"v":50,"d":"50.0"}]
["Utiliza somente assistência técnica governamental ",44,null,{"v":21.153846153846153,"d":"21.2"}]
["Utiliza somente assistência técnica privada ",26,null,12.5]
["Utiliza assistência técnica tanto governamental quanto privada",34,null,{"v":16.346153846153847,"d":"16.3"}]
["Utiliza Crédito Rural",28,null,{"v":13.461538461538462,"d":"13.5"}]
["Utiliza Seguro Rural",1,null,{"v":0.4807692307692308,"d":"0.5"}]
["Utiliza Escrituração Agrícola",111,null,{"v":53.36538461538461,"d":"53.4"}]
["Acessa Internet p/ Fins na Agropecuária",12,null,{"v":5.76923076923077,"d":"5.8"}]
["Utiliza Computador nas Atividades Agropecuárias",47,null,{"v":22.596153846153843,"d":"22.6"}]
["Utiliza Energia Elétrica Para Uso na Atividade Agrícola",123,null,{"v":59.13461538461539,"d":"59.1"}]
["Utiliza Energia Alternativa","-",null,"-"]
["Realiza Análise de Solo, quando necessário",34,null,{"v":16.346153846153847,"d":"16.3"}]
["Realiza Calagem",11,null,{"v":5.288461538461539,"d":"5.3"}]
["Utiliza Práticas de Conservação de Solo, quando necessário",118,null,{"v":56.730769230769226,"d":"56.7"}]
["Faz Adubação Mineral, quando necessário",58,null,{"v":27.884615384615383,"d":"27.9"}]
["Faz Adubação Orgânica, quando necessário",28,null,{"v":13.461538461538462,"d":"13.5"}]
["Faz Adubação Verde, quando necessário",12,null,{"v":5.76923076923077,"d":"5.8"}]
["Utiliza Manejo Integrado de Pragas (MIP)","-",null,"-"]
["Utiliza Hidroponia",1,null,{"v":0.4807692307692308,"d":"0.5"}]
["Utiliza Cultivo em Estufa",2,null,{"v":0.9615384615384616,"d":"1.0"}]
["Utiliza Mudas Fiscalizadas",27,null,{"v":12.98076923076923,"d":"13.0"}]
["Utiliza Semente Melhorada",54,null,{"v":25.96153846153846,"d":"26.0"}]
["Faz Confinamento de Bovinos","-",null,"-"]
["Utiliza Pastejo Intensivo",14,null,{"v":6.730769230769231,"d":"6.7"}]
["Faz Inseminação Artificial","-",null,"-"]
["Faz Mineralização do Rebanho",28,null,{"v":13.461538461538462,"d":"13.5"}]
["Faz Vermifugação do Rebanho",30,null,{"v":14.423076923076923,"d":"14.4"}]
["Possui Parceiros /Arrendatários na Exploração Animal",36,null,{"v":17.307692307692307,"d":"17.3"}]
["Existência de trabalhadores c/ deficiência na UPA","-",null,"-"]
["Esporte e lazer",1,null,{"v":0.4807692307692308,"d":"0.5"}]
["Extração mineral","-",null,"-"]
["Hotel Fazenda, Pousada ou SPA","-",null,"-"]
["Pesque-pague","-",null,"-"]
["Restaurante ou Lanchonete",1,null,{"v":0.4807692307692308,"d":"0.5"}]
["Transformação artesanal","-",null,"-"]
["Turismo rural ou ecoturismo","-",null,"-"]
["Outras atividades econômicas rurais",11,null,{"v":5.288461538461539,"d":"5.3"}]
["Agroindústria","-",null,"-"]
["Proprietário sem instrução ou com instrução incompleta",8,null,{"v":3.8461538461538463,"d":"3.8"}]
["Proprietário com antigo primário completo",47,null,{"v":22.596153846153843,"d":"22.6"}]
["Proprietário com 1° grau (ou antigo ginasial) completo",18,null,{"v":8.653846153846153,"d":"8.7"}]
["Proprietário com 2° grau (ou antigo colegial) completo",28,null,{"v":13.461538461538462,"d":"13.5"}]
["Proprietário com curso superior completo ",76,null,{"v":36.53846153846153,"d":"36.5"}]
["Pessoa Jurídica",31,null,{"v":14.903846153846155,"d":"14.9"}]
["Proprietário residente na própria UPA ",35,null,{"v":16.826923076923077,"d":"16.8"}]
["Fonte: Secretaria de Agricultura e Abastecimento, CDRS/IEA, Projeto LUPA."]
[]
["TABELA 483.5 - Área Cultivada, Município de Rincão, Estado de São Paulo, 2016/17."]
["CULTURA","N.DE UPAs","MÍNIMO","MÉDIO","MÁXIMO","TOTAL"]
["Cana-de-acucar finalidade industria",131,{"v":2,"d":"2.0"},{"v":161.48,"d":"161.5"},{"v":2540,"d":"2,540.0"},{"v":21154.3,"d":"21,154.3"}]
["Braquiaria",83,0.4,{"v":30.88,"d":"30.9"},333.9,{"v":2562.7,"d":"2,562.7"}]
["Laranja Industria",8,{"v":4,"d":"4.0"},{"v":313.19,"d":"313.2"},{"v":1183.1,"d":"1,183.1"},{"v":2505.5,"d":"2,505.5"}]
["Soja",1,233.7,233.7,233.7,233.7]
["Cana-de-acucar outras finalidades",14,0.5,{"v":12.13,"d":"12.1"},84.7,169.8]
["Coloniao",3,3.2,{"v":52.43,"d":"52.4"},114.1,157.3]
["Milho safra",12,0.2,{"v":8.63,"d":"8.6"},{"v":30,"d":"30.0"},103.5]
["Capim-napier (ou capim-elefante)",1,39.4,39.4,39.4,39.4]
["Gramas",1,{"v":30,"d":"30.0"},{"v":30,"d":"30.0"},{"v":30,"d":"30.0"},{"v":30,"d":"30.0"}]
["Eucalipto",2,{"v":4,"d":"4.0"},{"v":7,"d":"7.0"},{"v":10,"d":"10.0"},{"v":14,"d":"14.0"}]
["Mandioca",1,{"v":7,"d":"7.0"},{"v":7,"d":"7.0"},{"v":7,"d":"7.0"},{"v":7,"d":"7.0"}]
["Bucha",1,{"v":5,"d":"5.0"},{"v":5,"d":"5.0"},{"v":5,"d":"5.0"},{"v":5,"d":"5.0"}]
["Tangerina",1,3.2,3.2,3.2,3.2]
["Outras gramineas para pastagem",1,1.8,1.8,1.8,1.8]
["Horta domestica",1,0.7,0.7,0.7,0.7]
["Fonte: Secretaria de Agricultura e Abastecimento, CDRS/IEA, Projeto LUPA."]